Estudio de servicios básicos en 30 cantones: parte II, perfiles comunales. Buenos Aires
Guardado en:
| Institution som forfatter: | |
|---|---|
| Format: | Texto |
| Udgivet: |
San José :
El Instituto
|
| Fag: | |
| Tags: |
Tilføj Tag
Ingen Tags, Vær først til at tagge denne postø!
|
MARC
| LEADER | 00000 a a2200000 04500 | ||
|---|---|---|---|
| 001 | 16554 | ||
| 003 | |||
| 040 | |||
| 020 | |a [sin ISBN] | ||
| 022 | |a [sin ISBN] | ||
| 090 | |a EXTRAVIADO | ||
| 110 | |a Instituto de Fomento y Asesoría Municipal (Costa Rica) | ||
| 245 | |a Estudio de servicios básicos en 30 cantones: parte II, perfiles comunales. Buenos Aires | ||
| 260 | |a San José : |b El Instituto | ||
| 300 | |a 19 p. | ||
| 650 | |a CREDITO | ||
| 650 | |a EDUCACION | ||
| 650 | |a ESTADISTICAS DEMOGRAFICAS | ||
| 650 | |a PROBLEMAS SOCIALES | ||
| 650 | |a SERVICIOS DE LA COMUNDAD | ||
| 650 | |a SERVICIOS DE SALUD | ||
| 650 | |a VIVIENDA | ||
| 650 | |a ECONOMIA | ||
| 650 | |a LIDERAZGO | ||
| 650 | |a INFRAESTRUCTURA FISICA | ||
| 651 | |a COSTA RICA | ||
| 651 | |a PUNTARENAS | ||
| 651 | |a BUENOS AIRES | ||
| 999 | |c 13814 |d 13814 | ||
